[Event "29th IND-ch U17 Open 2018"]
[Site "Sonipat"]
[Date "2018.09.10"]
[Round "10"]
[White "Vaibhav Jayant Raut"]
[Black "Saypuri Srithan"]
[Result "1/2-1/2"]
[WhiteElo "1999"]
[BlackElo "1749"]
[Annotator "NA RC"]
[PlyCount "70"]
[EventDate "2018.09.05"]
[EventCountry "IND"]
[SourceTitle "playchess.com"]
[Source "ChessBase"]
[SourceQuality "1"]
[TimeControl "5400+30"]

{[%evp 11,68,34,50,40,55,29,43,34,37,7,31,29,70,66,55,47,37,41,49,25,31,23,52,50,52,40,63,45,69,57,81,6,12,18,15,8,20,0,0,0,0,0,0,0,0,0,0,0,0,0,0,0,0,0,0,0,17,4,8]} 1. d4 {[%emt 0:00:00]} f5 {[%emt 0:00:31]} 2. Nf3 {[%emt 0:00:04]} Nf6 {[%emt 0:00:56]} 3. g3 {[%emt 0:00:03]} e6 {[%emt 0:00:02]} 4. Bg2 {[%emt 0:00:03]} Be7 {[%emt 0:00:06]} 5. O-O {[%emt 0:00:01]} O-O {[%emt 0:00:03]} 6. c4 {[%emt 0:00:05]} d6 {[%emt 0:00:04]} 7. Nc3 {[%emt 0:00:04]} a5 {[%emt 0:00:02] LiveBook: 361 Games} 8. Qb3 {[%emt 0:07:54] A96: Classical Dutch: Fluid Systems: Early deviations} (8. Qc2 Na6 9. a3 d5 10. Bf4 Ne4 11. Rac1 c6 12. Be5 Bd7 13. e3 Be8 14. Ne2 g5 15. Ne1 Nb8 16. Nd3 {1-0 (45) Van Wely,L (2691)-Gautier,S (2570) Aix les Bains 2012}) 8... Kh8 {[%emt 0:01:34]} 9. Re1 {[%emt 0:02:56]} Ne4 {[%emt 0:10:59]} 10. Nd2 {[%emt 0:06:45]} Nxd2 $146 {[%emt 0:02:17]} ({Predecessor:} 10... Nxc3 11. bxc3 a4 12. Qb1 Nc6 13. e4 e5 14. exf5 exd4 15. Bxc6 bxc6 16. cxd4 Bxf5 {½-½ (40) Hahn,W-Mann,W DDR 1979}) 11. Bxd2 {[%emt 0:00:00]} Nc6 {[%emt 0:00:08]} 12. d5 {[%emt 0:08:14]} Ne5 {[%emt 0:03:11]} 13. f4 {[%emt 0:14:51]} Nd7 {[%emt 0:00:03]} 14. dxe6 {[%emt 0:00:16]} Nc5 {[%emt 0:00:02]} 15. Qc2 {[%emt 0:00:04]} Bxe6 {[%emt 0:00:05]} 16. Nd5 {[%emt 0:00:05]} c6 {[%emt 0:06:39]} 17. Nxe7 {[%emt 0:02:01]} Qxe7 {[%emt 0:00:01]} 18. e4 {[%emt 0:09:25]} Qf7 {[%emt 0:03:46]} 19. e5 $1 {[%emt 0:02:39]} dxe5 {[%emt 0:06:12]} 20. Rxe5 {[%emt 0:00:28]} Nd7 {[%emt 0:00:57]} 21. Rxa5 {[%emt 0:03:46]} ({White should try} 21. Re3 $14) 21... Rxa5 {[%emt 0:00:16]} 22. Bxa5 {[%emt 0:00:01]} Bxc4 {[%emt 0:00:03]} 23. b3 {[%emt 0:08:30]} Bd5 {[%emt 0:00:21]} 24. Rd1 {[%emt 0:02:19]} Bxg2 {[%emt 0:04:08]} 25. Kxg2 {[%emt 0:00:20]} Re8 {[%emt 0:00:15]} 26. Bc3 {[%emt 0:04:37]} h6 {[%emt 0:11:52]} 27. Rd6 {[%emt 0:00:01]} Re6 {[%emt 0:00:01]} 28. Rd2 {[%emt 0:00:30]} Re8 {[%emt 0:04:01]} 29. h3 {[%emt 0:06:47]} Nb6 {[%emt 0:02:10]} 30. Be5 {[%emt 0:00:42]} Nd5 {[%emt 0:02:32]} 31. Qc5 {[%emt 0:00:02]} Qd7 {[%emt 0:00:00]} 32. Kh2 {[%emt 0:01:19]} Qf7 {[%emt 0:01:23]} 33. a4 {[%emt 0:01:22]} Qh5 {[%emt 0:02:53]} 34. b4 {[%emt 0:02:21]} Qf3 $11 {[%emt 0:04:35]} 35. Rf2 {[%emt 0:01:28]} Qd3 {[%emt 0:03:50]} 1/2-1/2

[Event "29th IND-ch U17 Open 2018"]
[Site "Sonipat"]
[Date "2018.09.10"]
[Round "10"]
[White "Manish Anto Cristiano F"]
[Black "Vinay Thomas Abraham"]
[Result "1-0"]
[WhiteElo "1995"]
[BlackElo "1953"]
[Annotator "NA RC"]
[PlyCount "94"]
[EventDate "2018.09.05"]
[EventCountry "IND"]
[SourceTitle "playchess.com"]
[Source "ChessBase"]
[SourceQuality "1"]
[TimeControl "5400+30"]

{[%evp 8,94,81,50,62,47,32767,32767,32767,32767,56,10,32767,32767,-13,-16,-7,0,-4,0,33,16,27,-14,-9,-7,-4,-8,-9,-10,-14,-3,-15,0,9,0,84,-35,-33,-34,-23,-30,-37,-23,112,120,123,139,32767,32767,32767,32767,32767,32767,32767,32767,169,184,198,200,191,241,215,286,309,245,274,345,306,331,388,349,454,510,722,388,532,775,549,791,1083,2860,1177,3710,1947,6681,6631,29971,29969]} 1. e4 {[%emt 0:00:00]} d5 {[%emt 0:00:12]} 2. exd5 {[%emt 0:00:18]} Nf6 {[%emt 0:00:15]} 3. d4 {[%emt 0:00:25]} Nxd5 {[%emt 0:00:15]} 4. Nf3 {[%emt 0:00:27]} g6 {[%emt 0:00:16]} 5. Be2 {[%emt 0:00:32]} Bg7 {[%emt 0:00:01]} 6. O-O {[%emt 0:01:22]} O-O {[%emt 0:02:00]} 7. c4 {[%emt 0:00:01]} Nb6 {[%emt 0:01:16]} 8. Nc3 {[%emt 0:00:01]} Nc6 {[%emt 0:04:18]} 9. Be3 {[%emt 0:02:18]} Bg4 {[%emt 0:07:58]} 10. d5 {[%emt 0:09:06]} Bxf3 {[%emt 0:04:15]} 11. Bxf3 {[%emt 0:01:50]} Ne5 {[%emt 0:02:47]} 12. Bxb6 {[%emt 0:01:22] LiveBook: 3 Games B01: Scandinavian Defence} (12. c5 Nbc4 13. Bc1 Nxf3+ 14. Qxf3 c6 15. dxc6 Ne5 16. Qe4 Nxc6 17. Be3 Qa5 18. Rab1 Rfd8 19. b4 Qc7 20. Rfc1 {1-0 (35) Zambrana,O (2425)-Matsuura,E (2473) Santos 2006}) 12... cxb6 {[%emt 0:17:20]} 13. Be2 $1 {[%emt 0:00:52]} Rc8 {[%emt 0:01:28]} 14. Qb3 {[%emt 0:00:01]} Nd7 {[%emt 0:21:26]} 15. Rad1 $146 {[%emt 0:01:05]} ({Predecessor:} 15. Rac1 a6 16. Bf3 Ne5 17. Be2 Nd7 18. Bf3 Ne5 19. Be2 Qc7 {0-1 (33) Naylor,J (2189)-Rogers,J (2329) England 2010}) 15... Bxc3 {[%emt 0:01:40]} 16. Qxc3 {[%emt 0:00:21]} b5 {[%emt 0:01:39]} 17. Qd4 {[%emt 0:09:12]} bxc4 {[%emt 0:03:44]} 18. Bxc4 {[%emt 0:00:15]} Nb6 {[%emt 0:01:41]} 19. Bb3 {[%emt 0:00:17]} Qd6 {[%emt 0:01:01]} 20. Rfe1 {[%emt 0:00:58]} Rfd8 {[%emt 0:02:10]} 21. h4 {[%emt 0:01:23]} e6 {[%emt 0:21:34] [#]} (21... a5 $11 {keeps the balance.} 22. a4 Nd7) 22. dxe6 {[%emt 0:00:00]} (22. Qf6 $1 $16 Nd7 {[#]} 23. Qxf7+ $1 {[%mdl 512]} Kxf7 24. dxe6+ Ke7 25. exd7+ Kxd7 26. Be6+ Kc7 27. Rxd6 Kxd6 28. Bxc8 Rxc8 29. Re2) 22... Qxd4 {[%emt 0:01:35]} 23. exf7+ {[%emt 0:00:04]} Kg7 {[%emt 0:00:00]} 24. Rxd4 {[%emt 0:00:04]} Rxd4 {[%emt 0:00:00]} 25. Re8 $1 {[%emt 0:00:09]} Rf4 {[%emt 0:00:05] [#]} (25... Rc1+ $11 26. Kh2 Nd7 27. Rg8+ Kf6) 26. Rg8+ $1 {[%emt 0:00:04]} Kh6 {[%emt 0:00:24]} 27. g3 {[%emt 0:00:00]} Rf6 {[%emt 0:03:33]} 28. g4 {[%emt 0:00:37]} Rxf7 {[%emt 0:00:33]} 29. Bxf7 {[%emt 0:00:05]} Rxg8 {[%emt 0:00:00]} 30. Bxg8 {[%emt 0:00:00]} g5 {[%emt 0:00:00]} 31. Kg2 {[%emt 0:00:00]} Kg7 {[%emt 0:00:00]} 32. Bb3 {[%emt 0:00:05]} gxh4 {[%emt 0:00:00]} 33. Kh3 {[%emt 0:00:00]} a5 {[%emt 0:00:04]} 34. a4 {[%emt 0:00:00]} ({But not} 34. Kxh4 $6 h6 $18) 34... Nd7 {[%emt 0:00:48]} 35. Kxh4 {[%emt 0:00:06]} Ne5 {[%emt 0:00:44]} 36. Bc2 {[%emt 0:00:39]} h6 {[%emt 0:01:45]} 37. f4 {[%emt 0:00:00]} Nc4 {[%emt 0:00:14]} 38. b3 {[%emt 0:00:41]} Ne3 {[%emt 0:00:43]} 39. Bd3 {[%emt 0:00:16]} b6 {[%emt 0:00:37]} 40. Bc4 {[%emt 0:00:47]} Kf6 {[%emt 0:00:27]} 41. Kg3 {[%emt 0:00:18]} Nc2 {[%emt 0:00:51]} 42. Kf3 {[%emt 0:00:00]} Nd4+ {[%emt 0:00:34]} 43. Ke4 {[%emt 0:00:00]} Nc6 {[%emt 0:00:45]} 44. Kd5 {[%emt 0:00:11]} Ne7+ {[%emt 0:00:16]} 45. Kd6 {[%emt 0:00:18]} Ng6 {[%emt 0:00:00]} 46. g5+ {[%emt 0:00:03]} hxg5 {[%emt 0:00:10]} 47. fxg5+ {[%emt 0:00:00]} Kxg5 {[%emt 0:01:02]} 1-0

[Event "29th IND-ch U17 Open 2018"]
[Site "Sonipat"]
[Date "2018.09.10"]
[Round "10"]
[White "Sambarta Banerjee"]
[Black "Om Kharola"]
[Result "0-1"]
[WhiteElo "1904"]
[BlackElo "2042"]
[Annotator "NA RC"]
[PlyCount "52"]
[EventDate "2018.09.05"]
[EventCountry "IND"]
[SourceTitle "playchess.com"]
[Source "ChessBase"]
[SourceQuality "1"]
[TimeControl "5400+30"]

{[%evp 8,52,37,17,10,21,32767,32767,32767,32767,35,12,35,32767,32767,32767,32767,32767,32767,32767,32767,32767,32767,32767,32767,12,0,-15,32767,-394,-414,-429,-380,-29991,32767,32767,32767,32767,-29994,-29994,-29995,-29995,-29996,-29996,-29997,-29998,-29999]} 1. d4 {[%emt 0:00:00]} d5 {[%emt 0:00:01]} 2. c4 {[%emt 0:02:47]} e6 {[%emt 0:00:03]} 3. Nc3 {[%emt 0:00:03]} c6 {[%emt 0:00:03]} 4. Nf3 {[%emt 0:00:55]} dxc4 {[%emt 0:00:05]} 5. a4 {[%emt 0:00:03]} Bb4 {[%emt 0:00:04]} 6. e3 {[%emt 0:00:11]} b5 {[%emt 0:00:07]} 7. Bd2 {[%emt 0:00:01]} a5 {[%emt 0:00:04]} 8. axb5 {[%emt 0:00:01]} Bxc3 $1 {[%emt 0:00:06]} 9. Bxc3 {[%emt 0:00:03]} cxb5 {[%emt 0:00:05]} 10. b3 {[%emt 0:00:14]} Bb7 {[%emt 0:00:07]} 11. bxc4 {[%emt 0:00:03]} b4 {[%emt 0:00:04]} 12. Bb2 {[%emt 0:00:04]} Nf6 {[%emt 0:00:12]} 13. Bd3 {[%emt 0:00:01]} Nbd7 {[%emt 0:00:19]} 14. O-O {[%emt 0:00:52]} O-O {[%emt 0:00:01]} 15. Re1 {[%emt 0:00:01]} Ne4 {[%emt 0:00:09] D31: Queen's Gambit Declined: Semi-Slav without ...Nf6 (+ Marshall Gambit and Noteboom) and Exchange Variation lines without ...Nf6} 16. Qc2 {[%emt 0:01:11]} (16. c5 Bc6 17. Qc2 f5 18. Bc4 Qe7 19. Bb3 Kh8 20. Red1 Qe8 21. Ba4 Bxa4 22. Rxa4 Ndf6 23. Rda1 {0-1 (35) Kasimdzhanov,R (2705)-Grischuk,A (2810) Tbilisi 2015 CBM 165 [Krasenkow,M]}) 16... f5 {[%emt 0:00:11]} 17. Nd2 {[%emt 0:03:05] LiveBook: 3 Games} Qh4 {[%emt 0:10:38]} 18. Rf1 $2 $146 {[%emt 0:18:25]} (18. Nxe4 $11 fxe4 19. Bf1) ({Predecessor:} 18. Nf1 Ndf6 19. f3 Ng5 20. Qf2 Qh6 21. h4 Nf7 22. d5 exd5 23. c5 {1-0 (47) Almagro Llamas,P (2429)-Fiala,V (2217) Gibraltar 2016}) 18... Nxd2 {[%emt 0:00:24]} 19. Qxd2 {[%emt 0:00:02] [#]} Bxg2 $1 {[%emt 0:00:14]} 20. Kxg2 $2 {[%emt 0:06:43]} (20. f3 $19 Bxf1 21. Rxf1) 20... Qg4+ {[%emt 0:00:04]} 21. Kh1 {[%emt 0:00:01]} Qf3+ {[%emt 0:00:03]} 22. Kg1 {[%emt 0:00:00]} Rf6 {[%emt 0:01:01]} 23. Rfb1 {[%emt 0:00:27]} Qh3 {[%emt 0:00:39]} 24. f4 {[%emt 0:11:39]} Rg6+ {[%emt 0:00:00]} 25. Kf2 {[%emt 0:00:02]} Rg2+ {[%emt 0:00:23]} 26. Ke1 {[%emt 0:00:01]} Rg1+ {[%emt 0:00:09]} 0-1

[Event "29th IND-ch U17 Open 2018"]
[Site "Sonipat"]
[Date "2018.09.11"]
[Round "11"]
[White "Krishnater Kushager"]
[Black "Mitrabha, Guha"]
[Result "1/2-1/2"]
[WhiteElo "2333"]
[BlackElo "2376"]
[Annotator "TA"]
[PlyCount "53"]
[EventDate "2018.09.05"]
[EventCountry "IND"]
[SourceTitle "playchess.com"]
[Source "ChessBase"]
[SourceQuality "1"]

{[%evp 15,53,18,25,16,36,37,46,30,25,25,35,36,36,31,31,25,32,7,55,27,52,40,43,32,33,34,34,33,44,31,39,30,27,0,11,18,12,10,14,11]} 1. e4 c6 2. Nc3 d5 3. Qf3 dxe4 4. Nxe4 Nf6 5. Bc4 e6 6. Ne2 {B11: Caro-Kann: Two Knights Variation} Nbd7 7. d4 Nxe4 8. Qxe4 Nf6 {LiveBook: 3 Games} 9. Qf3 Qa5+ $146 ({Predecessor:} 9... Bd6 10. Bd2 a5 11. O-O-O a4 12. Kb1 Nd5 {1-0 (67) Tilicheev,V (2497)-Sadhwani,R (2314) Pardubice 2017}) 10. c3 Qh5 11. Qxh5 (11. Qg3 {feels hotter.} Qg6 12. f3 Be7 13. Nf4 Qxg3+ 14. hxg3 O-O 15. g4) 11... Nxh5 12. Nf4 Nxf4 13. Bxf4 Be7 14. h4 b6 15. Be2 Bb7 16. Bf3 Rc8 17. h5 h6 18. a4 a5 19. Kd1 Ba6 20. Kc2 Bc4 21. Rhe1 O-O 22. Be4 Rfd8 23. b3 Bd5 24. c4 Bxe4+ {The position is equal.} 25. Rxe4 Rd7 26. Rd1 Rcd8 27. Be3 {Precision: White = 33%, Black = 55%.} 1/2-1/2

[Event "29th IND-ch U17 Open 2018"]
[Site "Sonipat"]
[Date "2018.09.11"]
[Round "11"]
[White "Om Kharola"]
[Black "Dubey Sanchay"]
[Result "1-0"]
[WhiteElo "2042"]
[BlackElo "1862"]
[Annotator "NA RC"]
[PlyCount "127"]
[EventDate "2018.09.05"]
[EventCountry "IND"]
[SourceTitle "playchess.com"]
[Source "ChessBase"]
[SourceQuality "1"]
[TimeControl "5400+30"]

{[%evp 13,125,0,1,0,0,-15,0,-36,-33,-43,-32,-54,-54,-112,-95,-122,-115,-100,-115,-106,-111,-185,-181,-171,-179,-190,-158,-130,-178,-163,0,-155,0,-199,-204,-209,-208,-208,-205,-206,-129,-125,-124,-129,-42,-61,-39,-27,0,-24,0,-26,30,32,21,25,24,24,132,51,139,108,116,70,85,90,86,87,104,100,146,120,120,122,95,124,120,110,118,118,129,127,158,160,252,241,277,225,376,407,294,508,466,566,517,32767,32767,32767,32767,32767,32767,32767,32767,32767,32767,32767,32767,32767,32767,32767,32767,32767,29977,29968]} 1. e4 {[%emt 0:00:00]} c5 {[%emt 0:00:00]} 2. Nf3 {[%emt 0:00:00]} d6 {[%emt 0:00:00]} 3. d4 {[%emt 0:00:00]} cxd4 {[%emt 0:00:00]} 4. Nxd4 {[%emt 0:00:00]} Nf6 {[%emt 0:00:00]} 5. Nc3 {[%emt 0:00:00]} a6 {[%emt 0:00:01]} 6. Bc4 {[%emt 0:00:01]} e6 {[%emt 0:00:00]} 7. Bb3 {[%emt 0:00:00]} Nbd7 {[%emt 0:00:01]} 8. Qf3 {[%emt 0:00:51]} Nc5 {[%emt 0:04:33]} 9. Bg5 {[%emt 0:00:25]} Be7 {[%emt 0:00:14]} 10. O-O-O {[%emt 0:00:15] B86: Sicilian Scheveningen/Najdorf: 6 Bc4, without early ...b5} Qc7 {[%emt 0:16:30] LiveBook: 13 Games} 11. Kb1 {[%emt 0:00:25]} (11. Rhe1 O-O 12. Kb1 b5 13. e5 Bb7 14. exf6 Bxf3 15. fxe7 Bxd1 16. exf8=Q+ Rxf8 17. Rxd1 d5 18. g3 Qd7 19. Be3 {½-½ (19) Mosadeghpour,M (2525)-Hakemi,A (2245) Khomein 2018}) 11... O-O {[%emt 0:08:44]} 12. Qe2 $146 {[%emt 0:03:51]} ({Predecessor:} 12. g4 b5 13. Bxf6 Bxf6 14. g5 Be5 15. Qe3 b4 16. Na4 Bd7 17. Nxc5 dxc5 {½-½ (32) Asauskas,H (2309)-Piesina,G (2358) Vilnius 2006}) 12... b5 {[%emt 0:07:56]} 13. f4 {[%emt 0:01:20]} (13. a3 $15) 13... Bb7 {[%emt 0:07:19]} 14. e5 {[%emt 0:01:26]} dxe5 {[%emt 0:04:33]} 15. fxe5 {[%emt 0:00:04]} Nfe4 {[%emt 0:00:25]} 16. Nxe4 {[%emt 0:00:34]} Bxe4 {[%emt 0:02:19]} 17. Bf4 {[%emt 0:00:38]} (17. Bxe7 $17 Qxe7 18. Ka1) 17... Rfd8 {[%emt 0:04:52]} 18. h4 {[%emt 0:00:01]} Rac8 {[%emt 0:06:26]} 19. Ka1 {[%emt 0:00:00]} Qb6 $2 {[%emt 0:06:02]} 20. Be3 $1 {[%emt 0:01:38]} Qb8 $2 {[%emt 0:05:49]} ({Better is} 20... Rd7 $17 21. Nf3 Rxd1+ 22. Rxd1 Nxb3+ 23. cxb3 Qc7) 21. Bf4 $11 {[%emt 0:00:00]} Qb6 {[%emt 0:05:40]} (21... Qb7 $19 22. Qg4 a5) 22. Be3 {[%emt 0:03:18]} Qb8 {[%emt 0:00:29]} 23. Rhf1 $2 {[%emt 0:18:36]} Qxe5 {[%emt 0:07:47]} 24. Bf4 {[%emt 0:05:48]} Nxb3+ {[%emt 0:02:02]} 25. axb3 {[%emt 0:00:00]} Qd5 {[%emt 0:00:59]} 26. Nxb5 {[%emt 0:00:23]} Qf5 {[%emt 0:00:04]} ({But not} 26... Qxb5 27. Qxe4 Bxh4 28. Be5 $17) (26... Qc6 $19 27. Rxd8+ Rxd8) 27. Rxd8+ {[%emt 0:00:01]} Bxd8 {[%emt 0:02:52]} 28. Na3 {[%emt 0:01:44]} Bb7 {[%emt 0:05:05]} ({Not} 28... Bxh4 29. Bh2 $14) (28... h5 $17 29. Bg5 Qg4) 29. Nc4 {[%emt 0:05:33]} Qb5 {[%emt 0:00:47]} ({But not} 29... Bxh4 $6 {[#]} 30. Bg3 $1 $16 {[%mdl 512]}) 30. Be5 {[%emt 0:05:21]} f6 {[%emt 0:02:56]} 31. Bc3 {[%emt 0:01:13]} Bd5 $1 {[%emt 0:00:18]} 32. Re1 {[%emt 0:00:30]} Bxc4 {[%emt 0:00:00]} (32... a5 $15) 33. bxc4 {[%emt 0:00:00]} Qxc4 {[%emt 0:00:00]} 34. Qxe6+ {[%emt 0:00:00]} Qxe6 {[%emt 0:00:00]} 35. Rxe6 {[%emt 0:00:01]} a5 {[%emt 0:00:00] [#]} (35... Ra8 $11) 36. Re8+ $1 {[%emt 0:02:31]} Kf7 {[%emt 0:00:00]} 37. Rh8 {[%emt 0:00:30]} Ra8 {[%emt 0:00:00]} 38. Rxh7 {[%emt 0:02:54]} ({Better is} 38. h5 $16) 38... Bb6 {[%emt 0:00:12]} 39. Rh5 {[%emt 0:00:01]} a4 {[%emt 0:00:20]} 40. Rb5 {[%emt 0:00:06]} Bf2 {[%emt 0:00:26]} 41. h5 {[%emt 0:00:25]} Rd8 {[%emt 0:01:16]} (41... a3 $142) 42. Rb7+ {[%emt 0:00:00]} Kg8 {[%emt 0:00:29]} 43. Rb4 {[%emt 0:00:15]} Rd1+ {[%emt 0:00:43]} 44. Ka2 {[%emt 0:00:00]} Rc1 {[%emt 0:00:18]} 45. Rxa4 {[%emt 0:00:09]} Rxc2 {[%emt 0:00:00]} 46. g4 {[%emt 0:00:16]} Kh7 {[%emt 0:01:05]} 47. Re4 {[%emt 0:00:47]} Bh4 {[%emt 0:01:15]} 48. Kb3 {[%emt 0:00:00]} Rg2 {[%emt 0:00:22]} (48... Rc1 $16 49. Bd2 Rc7) 49. Kc4 {[%emt 0:00:00]} Kh6 {[%emt 0:00:39]} 50. Bd4 {[%emt 0:00:31]} Bg5 {[%emt 0:00:35]} (50... g6 {was called for.} 51. hxg6 Kxg6) 51. b4 {[%emt 0:00:04]} Rc2+ {[%emt 0:00:32]} 52. Kd5 {[%emt 0:00:22]} g6 {[%emt 0:00:32]} 53. hxg6 {[%emt 0:00:33]} Kxg6 {[%emt 0:00:00]} 54. b5 {[%emt 0:00:00]} Rc8 {[%emt 0:01:00]} 55. b6 {[%emt 0:00:46]} Bh4 {[%emt 0:00:42]} 56. b7 {[%emt 0:00:53]} Rd8+ {[%emt 0:00:21]} 57. Kc6 {[%emt 0:00:00]} Bg3 {[%emt 0:00:09]} 58. Bb6 {[%emt 0:00:04]} Rd6+ {[%emt 0:01:05]} 59. Kb5 {[%emt 0:00:00]} Rd7 {[%emt 0:00:29]} 60. Ka6 {[%emt 0:00:00]} Kg5 {[%emt 0:01:01]} 61. Be3+ {[%emt 0:00:06]} Kg6 {[%emt 0:00:24]} 62. Bf4 {[%emt 0:00:08]} Bxf4 {[%emt 0:00:46]} 63. Rxf4 {[%emt 0:00:00]} Rd6+ {[%emt 0:00:12]} 64. Ka7 {[%emt 0:00:00]} 1-0

[Event "29th IND-ch U17 Open 2018"]
[Site "Sonipat"]
[Date "2018.09.11"]
[Round "11"]
[White "Manish Anto Cristiano F"]
[Black "Panesar Vedant"]
[Result "1/2-1/2"]
[WhiteElo "1995"]
[BlackElo "2124"]
[Annotator "TA"]
[PlyCount "72"]
[EventDate "2018.09.05"]
[EventCountry "IND"]
[SourceTitle "playchess.com"]
[Source "ChessBase"]
[SourceQuality "1"]

{[%evp 11,72,-12,-14,-29,27,25,29,0,4,0,0,0,121,108,125,87,95,97,91,89,205,210,219,215,165,153,200,207,177,100,172,53,75,93,94,40,85,0,27,37,87,87,85,87,121,103,133,118,129,105,133,140,154,146,172,127,200,170,162,162,134,125,184]} 1. e4 b6 2. c4 Bb7 3. Nc3 e5 4. Nf3 Nc6 5. d4 exd4 6. Nxd4 Bb4 {LiveBook: 8 Games. A10: English Opening: Unusual Replies for Black} (6... Nxd4 7. Qxd4 Qf6 8. e5 Qg6 9. Bf4 Bc5 10. Qd2 Ne7 11. O-O-O O-O-O 12. f3 d5 13. Bd3 Qe6 14. Qe2 {½-½ (34) Tomashevsky,E (2688)-Bosiocic,M (2571) Novi Sad 2009}) 7. f3 $146 {[%cal Bf2f3,Bf3f4][%mdl 32]} ({Predecessor:} 7. Nde2 Qf6 8. a3 Bc5 9. Bf4 Nge7 10. f3 O-O-O 11. Qd2 Ne5 12. Bxe5 Qxe5 13. b4 Bd6 14. f4 {0-1 (29) Galic,I (2400)-Saric,A (2575) Sibenik 2015}) 7... Qh4+ ({Black should play} 7... Nge7) 8. g3 $11 Qf6 {White has an edge.} 9. Be3 Bxc3+ 10. bxc3 Nge7 11. Bg2 Ne5 (11... O-O $11) 12. f4 $16 N5c6 13. e5 $36 {[%mdl 2048] Black is under strong pressure.} Qg6 14. O-O Nf5 15. Bf2 O-O-O (15... O-O $16) 16. a4 $18 Na5 17. Bxb7+ $1 Kxb7 18. c5 h5 19. Qf3+ $1 Kb8 20. cxb6 (20. Rab1 $18) 20... axb6 {[#]} (20... cxb6 $16 {was called for.} 21. Rad1 Nxd4 22. Rxd4 h4) 21. Rab1 (21. Rfb1 $1 $18 {aiming for Nxf5.} h4 22. g4 Nxd4 23. cxd4) 21... Nxd4 22. cxd4 {Black must now prevent d5.} d5 23. Rb5 (23. exd6 $16 Qxd6 24. Rfc1) 23... Nc4 {[#] Strongly threatening ...Nd2.} 24. Be1 (24. a5 $1 $16) 24... Qc2 25. a5 c6 26. Qb3 Qxb3 27. Rxb3 b5 28. Bb4 Rde8 29. f5 Kb7 30. h3 Ka6 {and if ...c5 works, Black does fine.} 31. Rf2 Rh6 32. Kg2 Kb7 33. Kf3 g6 (33... Ra8 $16 {is a better defense.}) 34. Kg2 g5 35. e6 Rf6 36. e7 g4 {Precision: White = 66%, Black = 33%.} (36... Kc7 $16 {keeps fighting.} 37. a6 g4) 1/2-1/2

[Event "29th IND-ch U17 Open 2018"]
[Site "Sonipat"]
[Date "2018.09.11"]
[Round "11"]
[White "Cheela Naga, Sampath"]
[Black "Vaibhav Jayant Raut"]
[Result "1/2-1/2"]
[WhiteElo "1935"]
[BlackElo "1999"]
[Annotator "NA RC"]
[PlyCount "58"]
[EventDate "2018.09.05"]
[EventCountry "IND"]
[SourceTitle "playchess.com"]
[Source "ChessBase"]
[SourceQuality "1"]
[TimeControl "5400+30"]

{[%evp 8,58,52,55,64,50,66,65,88,15,61,56,65,62,27,20,44,-29,-12,-27,-25,-19,17,42,27,45,60,-52,94,34,107,117,114,107,108,87,75,101,70,69,80,56,58,50,120,125,147,120,97,109,102,94,131]} 1. d4 {[%emt 0:00:00]} Nf6 {[%emt 0:00:07]} 2. c4 {[%emt 0:00:03]} e6 {[%emt 0:00:36]} 3. Nc3 {[%emt 0:00:03]} Bb4 {[%emt 0:00:03]} 4. Qc2 {[%emt 0:00:25]} b6 {[%emt 0:01:59]} 5. e4 $1 {[%emt 0:01:34]} Bb7 {[%emt 0:05:02]} 6. Bd3 {[%emt 0:00:05]} Bxc3+ {[%emt 0:00:58]} 7. bxc3 {[%emt 0:00:05]} d6 {[%emt 0:00:22]} 8. Nf3 {[%emt 0:02:49] LiveBook: 4 Games} (8. f4 $16) 8... Nbd7 {[%emt 0:02:49] E32: Nimzo-Indian: Classical (4 Qc2): 4...0-0} 9. O-O {[%emt 0:00:33]} e5 {[%emt 0:00:33]} 10. Rb1 $146 {[%emt 0:07:06]} ({Predecessor:} 10. Nh4 O-O 11. Nf5 Re8 12. f3 Nf8 13. Bg5 Ng6 14. Qd2 Bc8 15. g4 Nf8 16. f4 Bxf5 17. gxf5 {½-½ (35) Real de Azua,E (2469)-Bitelmajer,M (2346) Villa Martelli 2016}) 10... O-O {[%emt 0:09:01]} 11. Ba3 {[%emt 0:15:20]} Qe7 {[%emt 0:00:01]} 12. dxe5 {[%emt 0:00:01]} (12. Rfe1 $14) 12... Nxe5 {[%emt 0:00:18]} 13. Nxe5 {[%emt 0:00:04]} Qxe5 {[%emt 0:00:03]} 14. f4 {[%emt 0:00:22]} Qh5 {[%emt 0:09:39]} 15. Rbe1 {[%emt 0:00:16]} Rfe8 {[%emt 0:08:38]} 16. Re3 $1 {[%emt 0:00:56]} h6 {[%emt 0:03:11] [#]} ({But not} 16... Ng4 $2 17. Rh3 $18) 17. Rfe1 {[%emt 0:11:59]} ({White should try} 17. c5 $1 $16 {[%mdl 512]}) 17... Nd7 {[%emt 0:11:47] [#]} ({Much weaker is} 17... Ng4 $6 18. Rh3 $16) (17... Qh4 $15 {stays ahead.} 18. Rf1 Nd7) 18. e5 $1 {[%emt 0:20:33]} Nc5 {[%emt 0:12:15]} (18... Rad8 $1 $11) 19. Bxc5 {[%emt 0:09:26]} bxc5 {[%emt 0:05:42]} 20. Bf5 {[%emt 0:01:13]} Qh4 {[%emt 0:06:38]} 21. e6 {[%emt 0:00:23]} fxe6 {[%emt 0:01:36]} 22. Bxe6+ {[%emt 0:02:11]} Kh8 {[%emt 0:00:14]} 23. Qg6 {[%emt 0:01:01]} Qf6 {[%emt 0:03:57]} 24. Qxf6 {[%emt 0:02:10]} gxf6 {[%emt 0:00:00]} 25. Bf5 {[%emt 0:04:20]} Bc6 {[%emt 0:01:58] [#]} (25... Rxe3 $14 26. Rxe3 Rg8) 26. Re7 $1 {[%emt 0:01:28]} Rab8 {[%emt 0:03:19]} 27. Rh7+ {[%emt 0:00:27]} Kg8 {[%emt 0:00:00]} 28. Rxe8+ {[%emt 0:00:13]} Bxe8 {[%emt 0:00:01]} 29. Rxc7 {[%emt 0:00:37]} Bf7 $16 {[%emt 0:01:15]} 1/2-1/2